Don Juan

Gespeichert in:
Bibliographische Detailangaben
1. Verfasser: Azorín, Antonio
Format: Buch
Sprache:Undetermined
Veröffentlicht: Buenos Aires, Argentina Espasa-Calpe 1947
Ausgabe:Cuarta edición
Schlagworte:
Tags: Tag hinzufügen
Keine Tags, Fügen Sie den ersten Tag hinzu!

MARC

LEADER 00000nam a2200000Ia 4500
008 170316s9999 xx 000 0 und d
999 |c 24864  |d 24864 
040 |a cru BVZT 
090 |a 862 A-52do 
100 |a Azorín, Antonio 
245 |a Don Juan 
250 |a Cuarta edición 
260 |a Buenos Aires, Argentina 
260 |b Espasa-Calpe 
260 |c 1947 
300 |a 140 páginas 
650 |a LITERATURA ESPAÑOLA  |9 23 
942 |c 15 D  |h 862 A-52do  |2 z